[Event "NB I. Charousek csoport"]
[Site "Zalaegerszeg"]
[Date "2023.11.26"]
[Round "4.1"]
[White "Pribelszky, Bence"]
[Black "Horvath, Adam"]
[Result "0-1"]
[WhiteElo "2394"]
[BlackElo "2429"]
[PlyCount "88"]
[EventDate "2023.10.08"]
[EventType "team-tourn"]
[EventRounds "11"]
[EventCountry "HUN"]
[Source "chess.hu"]
[WhiteTeam "Biatorbagy II"]
[BlackTeam "Z.Csuti-Hydrocomp SK"]
[WhiteTeamCountry "HUN"]
[BlackTeamCountry "HUN"]

1. Nf3 Nf6 2. g3 b6 3. Bg2 Bb7 4. O-O e6 5. d3 d5 6. Nbd2 c5 7. e4 Nc6 8. Re1
Be7 9. a4 Qc7 10. exd5 Nxd5 11. Nc4 O-O 12. a5 Rad8 13. axb6 axb6 14. Ne3 Nd4
15. Nxd4 cxd4 16. Nc4 Ra8 17. Rxa8 Rxa8 18. Qg4 b5 19. Ne5 Bf6 20. Bf4 Nxf4 21.
gxf4 Bxg2 22. Qxg2 Ra2 23. Ng4 Qxf4 24. Nxf6+ Qxf6 25. Qd5 Ra7 26. Qxb5 Qd8 27.
c4 dxc3 28. bxc3 h6 29. Rb1 Kh7 30. d4 g6 31. Qb8 Qg5+ 32. Qg3 Qf5 33. Re1 Ra3
34. Rc1 Qe4 35. Qe3 Qb7 36. Qg3 Ra5 37. h4 Qe4 38. c4 Qxd4 39. Qc3 Qg4+ 40. Qg3
Qd4 41. Kg2 Rf5 42. Rc3 Rf4 43. Kh3 e5 44. Rc1 Rxf2 0-1

[Event "NB I. Charousek csoport"]
[Site "Zalaegerszeg"]
[Date "2023.11.26"]
[Round "4.2"]
[White "Meszaros, Tamas"]
[Black "Szeberenyi, Adam"]
[Result "1/2-1/2"]
[WhiteElo "2373"]
[BlackElo "2307"]
[PlyCount "21"]
[EventDate "2023.10.08"]
[EventType "team-tourn"]
[EventRounds "11"]
[EventCountry "HUN"]
[Source "chess.hu"]
[WhiteTeam "Z.Csuti-Hydrocomp SK"]
[BlackTeam "Biatorbagy II"]
[WhiteTeamCountry "HUN"]
[BlackTeamCountry "HUN"]

1. Nf3 Nf6 2. g3 g6 3. Bg2 Bg7 4. O-O O-O 5. d3 d5 6. Nbd2 c5 7. e4 Nc6 8. Re1
dxe4 9. dxe4 h6 10. c3 Be6 11. Qe2 1/2-1/2

[Event "NB I. Charousek csoport"]
[Site "Zalaegerszeg"]
[Date "2023.11.26"]
[Round "4.3"]
[White "Fodor, Istvan"]
[Black "Horvath, Tamas"]
[Result "1/2-1/2"]
[WhiteElo "2323"]
[BlackElo "2292"]
[PlyCount "63"]
[EventDate "2023.10.08"]
[EventType "team-tourn"]
[EventRounds "11"]
[EventCountry "HUN"]
[Source "chess.hu"]
[WhiteTeam "Biatorbagy II"]
[BlackTeam "Z.Csuti-Hydrocomp SK"]
[WhiteTeamCountry "HUN"]
[BlackTeamCountry "HUN"]

1. c4 c5 2. Nf3 b6 3. g3 Bb7 4. Bg2 Nf6 5. O-O g6 6. Nc3 Bg7 7. d4 cxd4 8. Qxd4
Nc6 9. Qh4 h6 10. Qf4 Qb8 11. Qe3 O-O 12. Rd1 Re8 13. Rb1 d6 14. b3 Qc8 15. Bb2
Nb8 16. Qd2 Nbd7 17. Bh3 Qd8 18. Nd5 Kh7 19. Bxd7 Qxd7 20. Bxf6 exf6 21. Qd3 f5
22. Nf4 Be4 23. Qd2 Rad8 24. Rbc1 Qb7 25. Nd5 Qc8 26. h4 Qc5 27. Kf1 Qc8 28.
Kg1 Qc5 29. Kf1 Qc8 30. Kg1 Qc5 31. Kf1 Qc8 32. Kg1 1/2-1/2

[Event "NB I. Charousek csoport"]
[Site "Zalaegerszeg"]
[Date "2023.11.26"]
[Round "4.4"]
[White "Nagy, Kristof"]
[Black "Szikszai, Bertalan"]
[Result "0-1"]
[WhiteElo "2213"]
[BlackElo "2316"]
[PlyCount "60"]
[EventDate "2023.10.08"]
[EventType "team-tourn"]
[EventRounds "11"]
[EventCountry "HUN"]
[Source "chess.hu"]
[WhiteTeam "Z.Csuti-Hydrocomp SK"]
[BlackTeam "Biatorbagy II"]
[WhiteTeamCountry "HUN"]
[BlackTeamCountry "HUN"]

1. d4 Nf6 2. Nf3 g6 3. Bf4 Bg7 4. e3 O-O 5. h3 d6 6. Be2 c5 7. c3 b6 8. O-O Bb7
9. a4 Nbd7 10. Bh2 Re8 11. b4 e5 12. Qb3 Ne4 13. dxc5 dxc5 14. Rd1 Qe7 15. Na3
Nxc3 16. Qxc3 e4 17. Nd4 cxd4 18. exd4 Nf6 19. Nb5 Nd5 20. Qa3 e3 21. Bf3 a6
22. Nc7 exf2+ 23. Kxf2 Qh4+ 24. Kg1 Re3 25. Qb2 Rxf3 26. gxf3 Nf4 27. Bxf4 Qxf4
28. Nxa8 Qxf3 29. Ra2 Qxd1+ 30. Kh2 Bxd4 0-1

[Event "NB I. Charousek csoport"]
[Site "Zalaegerszeg"]
[Date "2023.11.26"]
[Round "4.5"]
[White "Szabo, Balazs"]
[Black "Pogany, Zsombor"]
[Result "0-1"]
[WhiteElo "2258"]
[BlackElo "2211"]
[PlyCount "166"]
[EventDate "2023.10.08"]
[EventType "team-tourn"]
[EventRounds "11"]
[EventCountry "HUN"]
[Source "chess.hu"]
[WhiteTeam "Biatorbagy II"]
[BlackTeam "Z.Csuti-Hydrocomp SK"]
[WhiteTeamCountry "HUN"]
[BlackTeamCountry "HUN"]

1. e4 c6 2. d4 d5 3. exd5 cxd5 4. Bd3 Nc6 5. c3 Nf6 6. h3 e5 7. dxe5 Nxe5 8.
Nf3 Nxd3+ 9. Qxd3 Bd6 10. O-O O-O 11. Bg5 h6 12. Bxf6 Qxf6 13. Nbd2 Rd8 14.
Rfe1 a6 15. Nb3 Bf5 16. Qd4 Qxd4 17. Nbxd4 Be4 18. Nd2 Bg6 19. Re2 Re8 20. Rae1
Rxe2 21. Rxe2 b5 22. Nc6 Kf8 23. Ne5 Bf5 24. Nb3 b4 25. cxb4 Bxb4 26. Nd4 Be4
27. f3 Bb1 28. a3 Bd6 29. b4 Rc8 30. Kf2 f6 31. Nd7+ Kf7 32. Re6 Bf4 33. g3 Bc1
34. Rxa6 Rc3 35. Ne2 Be3+ 36. Ke1 Rc2 37. Nc5 Ba2 38. Ra7+ Kg8 39. Ra8+ Kh7 40.
Re8 d4 41. Ne6 Bxe6 42. Rxe6 Ra2 43. Kd1 Rxa3 44. b5 Rd3+ 45. Ke1 Rb3 46. Nf4
Bxf4 47. gxf4 Rxf3 48. Re4 Rxh3 49. Rxd4 Rb3 50. Rd5 g5 51. fxg5 hxg5 52. Kd2
g4 53. Kc2 Re3 54. b6 Re8 55. b7 Rb8 56. Rb5 g3 57. Rb3 g2 58. Rg3 Rxb7 59.
Rxg2 Rd7 60. Kc3 Kh6 61. Kc4 f5 62. Rg1 Kh5 63. Rh1+ Kg4 64. Rg1+ Kh3 65. Rf1
Rf7 66. Kd4 Kg2 67. Ra1 f4 68. Ra2+ Kg3 69. Ra8 Re7 70. Rg8+ Kf2 71. Kd3 f3 72.
Kd2 Rd7+ 73. Kc3 Re7 74. Kd2 Rd7+ 75. Kc3 Ke2 76. Re8+ Kf1 77. Kc2 f2 78. Rg8
Rd5 79. Kc1 Ke2 80. Re8+ Kf3 81. Rf8+ Ke3 82. Re8+ Kf4 83. Rf8+ Rf5 0-1

[Event "NB I. Charousek csoport"]
[Site "Zalaegerszeg"]
[Date "2023.11.26"]
[Round "4.6"]
[White "Csiszar, Zoltan"]
[Black "Szakmary, Domonkos"]
[Result "1/2-1/2"]
[WhiteElo "2248"]
[BlackElo "1985"]
[PlyCount "62"]
[EventDate "2023.10.08"]
[EventType "team-tourn"]
[EventRounds "11"]
[EventCountry "HUN"]
[Source "chess.hu"]
[WhiteTeam "Z.Csuti-Hydrocomp SK"]
[BlackTeam "Biatorbagy II"]
[WhiteTeamCountry "HUN"]
[BlackTeamCountry "HUN"]

1. d4 d5 2. c4 e6 3. Nc3 c6 4. Nf3 dxc4 5. a4 Bb4 6. e3 b5 7. Bd2 a5 8. Rb1 Ba6
9. Ne5 Nf6 10. Nxc6 Nxc6 11. axb5 e5 12. bxa6 exd4 13. exd4 O-O 14. Be2 Nxd4
15. Be3 Nxe2 16. Qxe2 Nd5 17. Rc1 Bxc3+ 18. bxc3 Nxe3 19. fxe3 Qh4+ 20. g3 Qe4
21. O-O Rfe8 22. Rf4 Qxe3+ 23. Qxe3 Rxe3 24. Rxc4 Re6 25. Ra1 Rexa6 26. Raa4 g6
27. Rc5 Kg7 28. Kf2 Kf6 29. Kf3 h5 30. h3 R8a7 31. Kf4 Ra8 1/2-1/2

[Event "NB I. Charousek csoport"]
[Site "Zalaegerszeg"]
[Date "2023.11.26"]
[Round "4.7"]
[White "Erdos, Boglarka"]
[Black "Dobos, Jozsef"]
[Result "1/2-1/2"]
[WhiteElo "2094"]
[BlackElo "2226"]
[PlyCount "95"]
[EventDate "2023.10.08"]
[EventType "team-tourn"]
[EventRounds "11"]
[EventCountry "HUN"]
[Source "chess.hu"]
[WhiteTeam "Biatorbagy II"]
[BlackTeam "Z.Csuti-Hydrocomp SK"]
[WhiteTeamCountry "HUN"]
[BlackTeamCountry "HUN"]

1. e4 e6 2. d4 d5 3. Nd2 Be7 4. Ngf3 Nf6 5. e5 Nfd7 6. Bd3 c5 7. c3 b6 8. O-O
Ba6 9. Bxa6 Nxa6 10. Ne1 b5 11. f4 g6 12. Ndf3 c4 13. Nc2 Nb6 14. b3 Qd7 15.
Ba3 Rc8 16. Bxe7 Qxe7 17. Ne3 h5 18. a4 bxa4 19. bxa4 Nd7 20. a5 Ndb8 21. Qa4+
Qd7 22. Qa3 Qe7 23. Qa4+ Qd7 24. Qc2 Nc6 25. g4 Kd8 26. f5 gxf5 27. gxf5 Rg8+
28. Kh1 Kc7 29. Rfb1 Rb8 30. Rxb8 Ncxb8 31. f6 Qe8 32. Qb2 Kc8 33. Rb1 Qd7 34.
Qc2 Qe8 35. Qb2 Qd7 36. Qa3 Kc7 37. Nc2 Kc8 38. Rg1 Rxg1+ 39. Kxg1 Nc6 40. Qf8+
Kb7 41. Ng5 Nab8 42. Nb4 Nxb4 43. Qxb4+ Ka6 44. Qe7 Qa4 45. Qd6+ Nc6 46. Nxf7
Qd1+ 47. Kf2 Qc2+ 48. Kf1 1/2-1/2

[Event "NB I. Charousek csoport"]
[Site "Zalaegerszeg"]
[Date "2023.11.26"]
[Round "4.8"]
[White "Schroter, Tamas"]
[Black "Jamrich, Gyorgy"]
[Result "1/2-1/2"]
[WhiteElo "2225"]
[BlackElo "2148"]
[PlyCount "113"]
[EventDate "2023.10.08"]
[EventType "team-tourn"]
[EventRounds "11"]
[EventCountry "HUN"]
[Source "chess.hu"]
[WhiteTeam "Z.Csuti-Hydrocomp SK"]
[BlackTeam "Biatorbagy II"]
[WhiteTeamCountry "HUN"]
[BlackTeamCountry "HUN"]

1. d4 d5 2. c4 e6 3. Nc3 Bb4 4. Nf3 c6 5. cxd5 exd5 6. Bg5 Qa5 7. Qb3 h6 8. Bh4
Ne7 9. e3 Nf5 10. Bd3 Nxh4 11. Nxh4 O-O 12. O-O Re8 13. Rac1 Nd7 14. Ne2 Nf6
15. Bb1 b6 16. a3 Be7 17. Rxc6 Bd7 18. Rc7 Rac8 19. Rxc8 Rxc8 20. Nf5 Bf8 21.
f3 b5 22. Nfg3 b4 23. axb4 Bxb4 24. Rc1 Rxc1+ 25. Nxc1 Bd2 26. Na2 g6 27. Nf1
Bb5 28. Nxd2 Qxd2 29. Qxb5 Qxe3+ 30. Kf1 Qxd4 31. Qe2 a5 32. Nc3 Qf4 33. g3
Qc1+ 34. Kg2 d4 35. Ne4 Nd5 36. Ba2 Ne3+ 37. Kh3 Kg7 38. Bb3 g5 39. Nd6 h5 40.
Ne8+ Kf8 41. Nf6 Qc8+ 42. g4 hxg4+ 43. fxg4 Qb7 44. Ba4 Kg7 45. Qf2 Qe7 46.
Nh5+ Kg6 47. Bc2+ Kh6 48. Bd3 a4 49. Qf3 Qe6 50. Be4 f5 51. Bxf5 Qd6 52. Be4 a3
53. bxa3 d3 54. Bxd3 Nxg4 55. Kxg4 Qb4+ 56. Qe4 Qxe4+ 57. Bxe4 1/2-1/2

[Event "NB I. Charousek csoport"]
[Site "Zalaegerszeg"]
[Date "2023.11.26"]
[Round "4.9"]
[White "Erdei, Andras Dr"]
[Black "Horvath, Sandor"]
[Result "1/2-1/2"]
[WhiteElo "2124"]
[BlackElo "2212"]
[PlyCount "53"]
[EventDate "2023.10.08"]
[EventType "team-tourn"]
[EventRounds "11"]
[EventCountry "HUN"]
[Source "chess.hu"]
[WhiteTeam "Biatorbagy II"]
[BlackTeam "Z.Csuti-Hydrocomp SK"]
[WhiteTeamCountry "HUN"]
[BlackTeamCountry "HUN"]

1. e4 Nc6 2. Nc3 d6 3. g3 e5 4. Bg2 Be7 5. Nge2 h5 6. h4 Bg4 7. f3 Bd7 8. Nd5
Nf6 9. Nxe7 Qxe7 10. d4 exd4 11. Bg5 Qe5 12. Qd2 Nh7 13. Bf4 Qc5 14. a3 O-O-O
15. O-O-O Nf8 16. Nxd4 Nxd4 17. Qxd4 Qxd4 18. Rxd4 Ne6 19. Rd5 Nxf4 20. gxf4
Be6 21. Bh3 g6 22. Rg5 Kd7 23. Bxe6+ fxe6 24. Rxg6 Rdf8 25. Kd2 Rxf4 26. Ke3 e5
27. Rh3 1/2-1/2

[Event "NB I. Charousek csoport"]
[Site "Zalaegerszeg"]
[Date "2023.11.26"]
[Round "4.10"]
[White "Farkas, Zsolt"]
[Black "Sulyok, Eszter"]
[Result "1/2-1/2"]
[WhiteElo "2144"]
[BlackElo "2056"]
[PlyCount "22"]
[EventDate "2023.10.08"]
[EventType "team-tourn"]
[EventRounds "11"]
[EventCountry "HUN"]
[Source "chess.hu"]
[WhiteTeam "Z.Csuti-Hydrocomp SK"]
[BlackTeam "Biatorbagy II"]
[WhiteTeamCountry "HUN"]
[BlackTeamCountry "HUN"]

1. e4 c5 2. Nf3 e6 3. d4 cxd4 4. Nxd4 a6 5. Bd3 Nc6 6. Be3 Nf6 7. O-O Qc7 8.
Nxc6 dxc6 9. c4 e5 10. f3 Nd7 11. Nc3 Bc5 1/2-1/2

[Event "NB I. Charousek csoport"]
[Site "Zalaegerszeg"]
[Date "2023.11.26"]
[Round "4.11"]
[White "Makay, Mark Janos"]
[Black "Majoros, Rozsa Evelin"]
[Result "1-0"]
[WhiteElo "2036"]
[BlackElo "2015"]
[PlyCount "65"]
[EventDate "2023.10.08"]
[EventType "team-tourn"]
[EventRounds "11"]
[EventCountry "HUN"]
[Source "chess.hu"]
[WhiteTeam "Biatorbagy II"]
[BlackTeam "Z.Csuti-Hydrocomp SK"]
[WhiteTeamCountry "HUN"]
[BlackTeamCountry "HUN"]

1. e4 c5 2. Nf3 Nc6 3. d4 cxd4 4. Nxd4 e6 5. Nb5 d6 6. c4 Nf6 7. N1c3 a6 8. Nd4
Be7 9. Be2 O-O 10. O-O Qc7 11. Be3 Bd7 12. Rc1 Rac8 13. f3 Nxd4 14. Qxd4 Bc6
15. Nd5 exd5 16. cxd5 Qa5 17. dxc6 bxc6 18. Bd2 Qc7 19. Bxa6 Ra8 20. Bc4 Rfb8
21. Bb3 Qb7 22. Qc4 d5 23. Qxc6 Qxc6 24. Rxc6 dxe4 25. fxe4 Nxe4 26. Be3 Bf6
27. Rc7 Kh8 28. Bd5 Ra4 29. b3 Rab4 30. a3 R4b5 31. Bxe4 Re5 32. Ba7 Rd8 33.
Bf3 1-0

[Event "NB I. Charousek csoport"]
[Site "Zalaegerszeg"]
[Date "2023.11.26"]
[Round "4.12"]
[White "Borocz, Lorinc"]
[Black "Csoli, Odon"]
[Result "1/2-1/2"]
[WhiteElo "1909"]
[BlackElo "2087"]
[PlyCount "51"]
[EventDate "2023.10.08"]
[EventType "team-tourn"]
[EventRounds "11"]
[EventCountry "HUN"]
[Source "chess.hu"]
[WhiteTeam "Z.Csuti-Hydrocomp SK"]
[BlackTeam "Biatorbagy II"]
[WhiteTeamCountry "HUN"]
[BlackTeamCountry "HUN"]

1. e4 c5 2. Nf3 Nc6 3. d4 cxd4 4. Nxd4 e5 5. Nb5 d6 6. c4 f5 7. N5c3 Nf6 8. Nd2
Be7 9. Bd3 f4 10. O-O O-O 11. Nf3 Bg4 12. Be2 Qe8 13. h3 Be6 14. Kh1 Qg6 15.
Re1 Qh6 16. Nh2 Nd4 17. Bf1 g5 18. f3 Nh5 19. Nd5 Bd8 20. b3 Ng3+ 21. Kg1 Bxd5
22. Ng4 Qg6 23. exd5 Bb6 24. Nf2 h5 25. Bd3 Qg7 26. Ba3 1/2-1/2

[Event "NB I. Charousek csoport"]
[Site "Biatorbagy"]
[Date "2023.12.10"]
[Round "5.1"]
[White "Sebenik, Matej"]
[Black "Fogarasi, Tibor"]
[Result "1-0"]
[WhiteElo "2534"]
[BlackElo "2302"]
[PlyCount "51"]
[EventDate "2023.10.08"]
[EventType "team-tourn"]
[EventRounds "11"]
[EventCountry "HUN"]
[Source "chess.hu"]
[WhiteTeam "SZ-A STE"]
[BlackTeam "Biatorbagy II"]
[WhiteTeamCountry "HUN"]
[BlackTeamCountry "HUN"]

1. c4 e5 2. Nc3 Nf6 3. Nf3 Nc6 4. g3 d5 5. cxd5 Nxd5 6. Bg2 Nb6 7. O-O Be7 8.
b3 O-O 9. Bb2 Re8 10. Rc1 Bf8 11. Ne4 Nd4 12. Nxd4 exd4 13. e3 d3 14. f4 Nd5
15. Qh5 h6 16. f5 c6 17. g4 Qa5 18. f6 Be6 19. fxg7 Bxg7 20. Bxg7 Kxg7 21. Rf6
Rh8 22. Qe5 Kg8 23. Rxe6 fxe6 24. Qxe6+ Kg7 25. Qe5+ Kg6 26. Nd6 1-0

[Event "NB I. Charousek csoport"]
[Site "Biatorbagy"]
[Date "2023.12.10"]
[Round "5.2"]
[White "Fodor, Istvan"]
[Black "Seres, Lajos"]
[Result "1/2-1/2"]
[WhiteElo "2322"]
[BlackElo "2344"]
[PlyCount "62"]
[EventDate "2023.10.08"]
[EventType "team-tourn"]
[EventRounds "11"]
[EventCountry "HUN"]
[Source "chess.hu"]
[WhiteTeam "Biatorbagy II"]
[BlackTeam "SZ-A STE"]
[WhiteTeamCountry "HUN"]
[BlackTeamCountry "HUN"]

1. d4 Nf6 2. c4 e6 3. Nc3 Bb4 4. Qc2 c5 5. dxc5 Bxc5 6. Nf3 Nc6 7. Bg5 h6 8.
Bh4 O-O 9. e3 b6 10. Be2 Bb7 11. O-O g5 12. Bg3 Nh5 13. Rfd1 Nxg3 14. hxg3 Be7
15. Rd2 d6 16. Rad1 Qb8 17. Qb1 Rd8 18. Nb5 a6 19. Nbd4 Nxd4 20. Nxd4 Bf8 21.
Nxe6 fxe6 22. Qg6+ Kh8 23. Qf6+ Bg7 24. Qxe6 Re8 25. Qxd6 Be4 26. Bf3 Bxf3 27.
gxf3 Qxd6 28. Rxd6 b5 29. cxb5 axb5 30. Rb6 Rxa2 31. Rxb5 Rxb2 1/2-1/2

[Event "NB I. Charousek csoport"]
[Site "Biatorbagy"]
[Date "2023.12.10"]
[Round "5.3"]
[White "Magold, Filip"]
[Black "Csoke, Krisztian"]
[Result "1-0"]
[WhiteElo "2394"]
[BlackElo "2240"]
[PlyCount "91"]
[EventDate "2023.10.08"]
[EventType "team-tourn"]
[EventRounds "11"]
[EventCountry "HUN"]
[Source "chess.hu"]
[WhiteTeam "SZ-A STE"]
[BlackTeam "Biatorbagy II"]
[WhiteTeamCountry "HUN"]
[BlackTeamCountry "HUN"]

1. e4 d6 2. d4 Nf6 3. Nc3 g6 4. Nf3 Bg7 5. Be2 O-O 6. O-O a6 7. a4 Nc6 8. h3 e5
9. dxe5 dxe5 10. Be3 Be6 11. Re1 Re8 12. Ng5 Nd4 13. Nxe6 Rxe6 14. Bc4 Rd6 15.
Qc1 Rc6 16. b3 Rb8 17. a5 Qf8 18. Qb2 h6 19. Rac1 Qb4 20. Na2 Qe7 21. c3 Ne6
22. Nb4 Rd6 23. Qc2 Qd8 24. f3 c5 25. Nd3 Qxa5 26. Nxe5 Qc7 27. Nxg6 b5 28.
Bxe6 Rxe6 29. Bf4 Qb6 30. Bxb8 Qxb8 31. Nh4 Nh5 32. Nf5 Be5 33. Rcd1 Bh2+ 34.
Kh1 Bg3 35. Re2 Bf4 36. Qd3 Qe5 37. Qd8+ Re8 38. Qh4 Ng3+ 39. Nxg3 Bxg3 40.
Qg4+ Qg7 41. Rd5 c4 42. bxc4 bxc4 43. Rb2 Be1 44. Rb4 Bxc3 45. Rxc4 Be1 46. Rc8
1-0

[Event "NB I. Charousek csoport"]
[Site "Biatorbagy"]
[Date "2023.12.10"]
[Round "5.4"]
[White "Szakmary, Domonkos"]
[Black "Takacs, Balazs"]
[Result "0-1"]
[WhiteElo "1979"]
[BlackElo "2322"]
[PlyCount "82"]
[EventDate "2023.10.08"]
[EventType "team-tourn"]
[EventRounds "11"]
[EventCountry "HUN"]
[Source "chess.hu"]
[WhiteTeam "Biatorbagy II"]
[BlackTeam "SZ-A STE"]
[WhiteTeamCountry "HUN"]
[BlackTeamCountry "HUN"]

1. e4 c5 2. Nf3 Nc6 3. d4 cxd4 4. Nxd4 g6 5. c4 Bg7 6. Be3 d6 7. Nc3 Qb6 8. Nb3
Bxc3+ 9. bxc3 Qc7 10. Be2 Nf6 11. f3 Be6 12. Nd4 O-O 13. Nxe6 fxe6 14. O-O b6
15. Rb1 Na5 16. Rb4 Rad8 17. Bd4 Nc6 18. Rb1 Nd7 19. f4 e5 20. Be3 exf4 21.
Qd5+ Kg7 22. Bxf4 Nce5 23. Qe6 Nc5 24. Qh3 Nf7 25. Rbe1 Nxe4 26. Bd3 Nc5 27.
Bc2 e5 28. Bc1 Qe7 29. Qg4 Nh6 30. Qh3 Ng8 31. Qg3 Rxf1+ 32. Rxf1 Rf8 33. Rxf8
Qxf8 34. h4 Nf6 35. Qf3 Qf7 36. h5 gxh5 37. Bg5 Ng4 38. Bf5 Ne6 39. Bxg4 Qxf3
40. Bxf3 Nxg5 41. Bxh5 Ne4 0-1

[Event "NB I. Charousek csoport"]
[Site "Biatorbagy"]
[Date "2023.12.10"]
[Round "5.5"]
[White "Gjuran, Denis"]
[Black "Felmery, Mate"]
[Result "0-1"]
[WhiteElo "2304"]
[BlackElo "2182"]
[PlyCount "68"]
[EventDate "2023.10.08"]
[EventType "team-tourn"]
[EventRounds "11"]
[EventCountry "HUN"]
[Source "chess.hu"]
[WhiteTeam "SZ-A STE"]
[BlackTeam "Biatorbagy II"]
[WhiteTeamCountry "HUN"]
[BlackTeamCountry "HUN"]

1. e4 c5 2. c3 d5 3. exd5 Qxd5 4. d4 Nc6 5. Nf3 Bg4 6. Be2 cxd4 7. cxd4 e6 8.
O-O Nf6 9. Nc3 Qa5 10. Be3 Rd8 11. Qb3 Qb4 12. Rfd1 Qxb3 13. axb3 a6 14. h3 Bf5
15. Ne5 Nb4 16. Bf3 Nfd5 17. Nxd5 exd5 18. Bd2 Nc2 19. Ba5 Nxa1 20. Bxd8 Be6
21. Bb6 Nxb3 22. Rd3 Nc1 23. Rc3 Na2 24. Rc7 Bd6 25. Rxb7 O-O 26. Bc5 Rb8 27.
Rxb8+ Bxb8 28. Nc6 Bc7 29. Bxd5 Nc1 30. Ne7+ Kh8 31. Bxe6 fxe6 32. Nc6 Kg8 33.
Kf1 Kf7 34. g3 Kg6 0-1

[Event "NB I. Charousek csoport"]
[Site "Biatorbagy"]
[Date "2023.12.10"]
[Round "5.6"]
[White "Erdos, Boglarka"]
[Black "Ronai, Akos Balazs"]
[Result "1-0"]
[WhiteElo "2098"]
[BlackElo "2164"]
[PlyCount "75"]
[EventDate "2023.10.08"]
[EventType "team-tourn"]
[EventRounds "11"]
[EventCountry "HUN"]
[Source "chess.hu"]
[WhiteTeam "Biatorbagy II"]
[BlackTeam "SZ-A STE"]
[WhiteTeamCountry "HUN"]
[BlackTeamCountry "HUN"]

1. e4 e5 2. Nf3 Nc6 3. Bc4 Nf6 4. Ng5 d5 5. exd5 b5 6. Bxb5 Qxd5 7. Nc3 Qxg2 8.
Qf3 Qxf3 9. Nxf3 Bd7 10. Rg1 Nd4 11. Nxd4 exd4 12. Bxd7+ Kxd7 13. Nb5 c5 14. d3
a6 15. Na3 Bd6 16. h3 Nd5 17. Bd2 Rhe8+ 18. Kf1 g6 19. Nc4 Bc7 20. Kg2 f5 21.
Rae1 Rab8 22. Kf3 Re6 23. Rxe6 Kxe6 24. Re1+ Kf6 25. h4 f4 26. c3 dxc3 27. bxc3
Kf5 28. d4 cxd4 29. cxd4 h6 30. Ba5 Rb5 31. Bxc7 Nxc7 32. Nd6+ Kf6 33. Nxb5
Nxb5 34. d5 g5 35. hxg5+ hxg5 36. Kg4 Nd4 37. Re4 Nb5 38. Re6+ 1-0

[Event "NB I. Charousek csoport"]
[Site "Biatorbagy"]
[Date "2023.12.10"]
[Round "5.7"]
[White "Kovac, Boris"]
[Black "Jamrich, Gyorgy"]
[Result "1/2-1/2"]
[WhiteElo "2177"]
[BlackElo "2161"]
[PlyCount "83"]
[EventDate "2023.10.08"]
[EventType "team-tourn"]
[EventRounds "11"]
[EventCountry "HUN"]
[Source "chess.hu"]
[WhiteTeam "SZ-A STE"]
[BlackTeam "Biatorbagy II"]
[WhiteTeamCountry "HUN"]
[BlackTeamCountry "HUN"]

1. e4 c6 2. d4 d5 3. e5 Bf5 4. h4 h5 5. Bd3 Bxd3 6. Qxd3 e6 7. Ne2 Qa5+ 8. c3
Qa6 9. Qd1 c5 10. Nd2 cxd4 11. cxd4 Nc6 12. Nb3 Bb4+ 13. Kf1 Nh6 14. Bg5 Nf5
15. Kg1 b6 16. a3 Be7 17. Rc1 Rc8 18. Rh3 O-O 19. Rhc3 Bxg5 20. hxg5 Nce7 21.
Nf4 h4 22. g6 Nxg6 23. Nxg6 fxg6 24. Rc6 Rxc6 25. Rxc6 Re8 26. Qc2 Qa4 27. Qc3
Kh7 28. Kh2 Qb5 29. Qc2 Qf1 30. Rc3 Nh6 31. f3 Nf5 32. Qd2 Rf8 33. Rc1 Qa6 34.
Rc7 Rc8 35. Rxc8 Qxc8 36. Nc1 Qc4 37. Ne2 a5 38. Kh3 b5 39. Qd1 a4 40. Qd2 Kg8
41. Kg4 Kf7 42. Kg5 1/2-1/2

[Event "NB I. Charousek csoport"]
[Site "Biatorbagy"]
[Date "2023.12.10"]
[Round "5.8"]
[White "Erdei, Andras Dr"]
[Black "Volosin, Vladimir"]
[Result "0-1"]
[WhiteElo "2126"]
[BlackElo "2151"]
[PlyCount "118"]
[EventDate "2023.10.08"]
[EventType "team-tourn"]
[EventRounds "11"]
[EventCountry "HUN"]
[Source "chess.hu"]
[WhiteTeam "Biatorbagy II"]
[BlackTeam "SZ-A STE"]
[WhiteTeamCountry "HUN"]
[BlackTeamCountry "HUN"]

1. e4 c6 2. d4 d5 3. Nc3 dxe4 4. Nxe4 Nf6 5. Nxf6+ gxf6 6. Bf4 Bf5 7. Nf3 e6 8.
Bd3 Bg6 9. Qd2 Bd6 10. Bg3 Qc7 11. Bxd6 Qxd6 12. O-O-O Nd7 13. h4 O-O-O 14. h5
Bxd3 15. Qxd3 Qf4+ 16. Qd2 Qg4 17. Qe3 Nb6 18. Rh4 Qf5 19. Qd3 Qa5 20. Kb1 c5
21. Qd2 Qxd2 22. Rxd2 c4 23. c3 Rhg8 24. g3 Nd5 25. Re2 Kd7 26. Nd2 b5 27. Kc2
Rc8 28. Nf1 f5 29. Re5 f6 30. Re1 Rg4 31. Rxg4 fxg4 32. Ne3 Nxe3+ 33. Rxe3 Rg8
34. Re4 h6 35. Kd2 Rg5 36. Ke3 Kd6 37. Kf4 a6 38. a3 Kd5 39. Re1 Rf5+ 40. Ke3
Rxh5 41. a4 Rf5 42. axb5 axb5 43. Ra1 Rf3+ 44. Ke2 b4 45. Ra5+ Ke4 46. Rc5 bxc3
47. Rxc4 cxb2 48. Rb4 h5 49. Rxb2 Rf5 50. Rb6 Kxd4 51. Rxe6 Re5+ 52. Rxe5 Kxe5
53. Kd3 f5 54. Ke3 f4+ 55. Kd3 Kf5 56. Kd4 Kg5 57. Kd3 h4 58. gxh4+ Kxh4 59.
Ke2 Kh3 0-1

[Event "NB I. Charousek csoport"]
[Site "Biatorbagy"]
[Date "2023.12.10"]
[Round "5.9"]
[White "Makk, Robert"]
[Black "Sulyok, Eszter"]
[Result "1-0"]
[WhiteElo "2159"]
[BlackElo "2088"]
[PlyCount "83"]
[EventDate "2023.10.08"]
[EventType "team-tourn"]
[EventRounds "11"]
[EventCountry "HUN"]
[Source "chess.hu"]
[WhiteTeam "SZ-A STE"]
[BlackTeam "Biatorbagy II"]
[WhiteTeamCountry "HUN"]
[BlackTeamCountry "HUN"]

1. e4 c5 2. Nf3 e6 3. d4 cxd4 4. Nxd4 a6 5. c4 Nf6 6. Bd3 Be7 7. Nc3 Qc7 8. O-O
O-O 9. Qe2 d6 10. Bd2 Nbd7 11. Rae1 Ne5 12. f4 Nxd3 13. Qxd3 Nd7 14. b3 Bf6 15.
Kh1 g6 16. Nc2 b6 17. f5 Ne5 18. Qg3 Qe7 19. Qh3 Bd7 20. Ne3 Bc6 21. Ng4 Nxg4
22. Qxg4 b5 23. Nd5 Bxd5 24. exd5 e5 25. cxb5 axb5 26. a4 bxa4 27. bxa4 Rfe8
28. Re4 Kg7 29. a5 h5 30. Qg3 Rh8 31. Rc4 h4 32. Qf3 Rac8 33. Rxc8 Rxc8 34.
fxg6 fxg6 35. a6 Ra8 36. Qa3 e4 37. Be3 h3 38. a7 hxg2+ 39. Kxg2 Qe5 40. Qb3
Rh8 41. Qb7+ Be7 42. Bf4 1-0

[Event "NB I. Charousek csoport"]
[Site "Biatorbagy"]
[Date "2023.12.10"]
[Round "5.10"]
[White "Farkas, Otto Jr"]
[Black "Nagy-Elek, Tamas"]
[Result "1/2-1/2"]
[WhiteElo "1886"]
[BlackElo "2067"]
[PlyCount "53"]
[EventDate "2023.10.08"]
[EventType "team-tourn"]
[EventRounds "11"]
[EventCountry "HUN"]
[Source "chess.hu"]
[WhiteTeam "Biatorbagy II"]
[BlackTeam "SZ-A STE"]
[WhiteTeamCountry "HUN"]
[BlackTeamCountry "HUN"]

1. e4 c5 2. Nf3 d6 3. Nc3 Nf6 4. d3 Nc6 5. g3 g6 6. Bg2 Bg7 7. O-O O-O 8. h3 d5
9. Qe2 d4 10. Nd1 e5 11. Nh2 Ne8 12. f4 Nd6 13. Nf2 Bd7 14. Nfg4 Qe7 15. f5 f6
16. Nh6+ Kh8 17. h4 Nf7 18. N2g4 Nxh6 19. Nxh6 Nd8 20. fxg6 hxg6 21. g4 Nf7 22.
Nxf7+ Rxf7 23. g5 Qe6 24. h5 fxg5 25. Bxg5 Raf8 26. b3 Kg8 27. Rxf7 1/2-1/2